Practical astronomy ; a new approach to an old science.

Bibliographic Details
Main Author: Schroeder, Wolfgang
Format: Book
Language:English
Published: New York : Philosophical Library, [1957]
Subjects:

MARC

Tag First Indicator Second Indicator Subfields
LEADER 00000cam a2200000 4500
001 in00000050209
005 20151007065822.0
008 750722s1957 nyu 00000 eng u
010 |a  57004645  
035 |a (OCoLC)01465539 
035 |9 AAE2744AM 
040 |c DZM  |d TXA  |d UtOrBLW 
049 |a TXAM  |c [287023] 
050 0 |a QB145  |b .S38 1957 
082 0 |a 522 
092 |a 522  |b S381p 
100 1 |a Schroeder, Wolfgang. 
245 1 0 |a Practical astronomy ;  |b a new approach to an old science. 
264 1 |a New York :  |b Philosophical Library,  |c [1957] 
300 |a 206 pages :  |b illustrations 
336 |a text  |b txt  |2 rdacontent 
337 |a unmediated  |b n  |2 rdamedia 
338 |a volume  |b nc  |2 rdacarrier 
650 0 |a Spherical astronomy. 
999 |a MARS 
999 f f |s 4c9f409e-d391-30e8-8f9b-f8242391c786  |i bb53f44a-173c-3c90-8d54-c4e0d187dc50  |t 0 
952 f f |p ric  |a Texas A&M University  |b Rellis Campus  |c Joint Library Facility  |d Remote Storage  |t 0  |e QB145 .S38 1957  |h Library of Congress classification  |i unmediated -- volume  |m A14800899252 
998 f f |a QB145 .S38 1957  |t 0  |l Remote Storage